000 00449nam a22001817a 4500
003 CEME
005 20210628210704.0
008 210211b xxu||||| |||| 00| 0 eng d
020 _a0-85404-598-8
040 _c.
082 _a540 RUS
100 _aRussell, Michael.S
_980555
245 _aThe chemistry of fireworks
260 _aUK
_bROYAL SOCIETY OF CHEMISTRY
_c2000
300 _aXVII,117P
650 _aFIREWORKS
_980556
942 _cBK
_2ddc
999 _c585470
_d585470